000 00706nam a2200217Ii 4500
003 JO-AjNU
008 230605s9999||||xx |||||||||||||| ||und||
017 _a1996/3/364
040 _aJO-AjNU
_bara
_erda
_cJO-AjNU
041 _aara
050 1 4 _aRV5 1996
100 3 _aالجبالي ، اسحاق ,
_eauthor
_920550
245 0 0 _aاسرار العلاج بالفواكه والخضروات
250 _aط2 مزيدة ومنقحة
264 3 1 _aعمان :دار الاسراء ،1996
300 _a78ص
336 _atext
_btxt
_2rdacontent
337 _aunmediated
_bn
_2rdamedia
338 _avolume
_bnc
_2rdacarrier
650 4 _aالعلوم التطبيقية -الطب الشعبي
_920551
999 _aA6984
_c10552
_d10552